[Event "SVK-chT4 A22 1718"]
[Site "Slovakia"]
[Date "2018.02.11"]
[Round "9.5"]
[White "Kovarikova, Maria"]
[Black "Lelkes, Gejza"]
[Result "1-0"]
[WhiteElo "1765"]
[BlackElo "1556"]
[PlyCount "112"]
[EventDate "2017.10.01"]
[EventType "team-tourn"]
[EventRounds "11"]
[EventCountry "SVK"]
[SourceTitle "EXT 2020"]
[Source "ChessBase"]
[SourceDate "2019.10.17"]
[SourceVersion "1"]
[SourceVersionDate "2019.10.17"]
[SourceQuality "1"]

1. e4 e5 2. Nf3 Nc6 3. d4 exd4 4. c3 dxc3 5. Bc4 h6 6. Nxc3 d6 7. Qb3 Qd7 8. Nd5 Na5 9. Qc2 Nxc4 10. Qxc4 c6 11. Nc3 b5 12. Qd3 a5 13. 0-0 Ba6 14. Qe3 b4 15. Ne2 Be7 16. Re1 Bf6 17. e5 dxe5 18. Nxe5 Qe6 19. Nd4 Qxe5 20. Qd2 Ne7 21. Rxe5 Bxe5 22. Nf3 Rd8 23. Qe1 Bf6 24. h3 0-0 25. a3 c5 26. axb4 cxb4 27. Rxa5 Bb7 28. Bf4 Bxf3 29. gxf3 Rfe8 30. Qb1 Ng6 31. Bg3 Re2 32. b3 Bc3 33. Kg2 Rb2 34. Qf5 Rxb3 35. Ra7 Rf8 36. Kh2 Ra3 37. Rc7 Bf6 38. Bd6 Raa8 39. Bxf8 Rxf8 40. Rb7 Bc3 41. Qe4 Be5+ 42. Kg1 Bc3 43. f4 Rd8 44. Qc4 Nh8 45. Qc7 Rf8 46. f5 g6 47. fxg6 Nxg6 48. Qg3 Be5 49. Qg4 Bc3 50. h4 Kh7 51. h5 Ne5 52. Qf5+ Kh8 53. Rb6 Rg8+ 54. Kh1 Ng4 55. Qd7 Bg7 56. Rxb4 Rf8 1-0

[Event "SVK-chT4 A22 1718"]
[Site "Slovakia"]
[Date "2017.10.15"]
[Round "2.6"]
[White "Lelkes, Gejza"]
[Black "Rendek, Jozef"]
[Result "1/2-1/2"]
[WhiteElo "1556"]
[BlackElo "1518"]
[PlyCount "135"]
[EventDate "2017.10.01"]
[EventType "team-tourn"]
[EventRounds "11"]
[EventCountry "SVK"]
[SourceTitle "EXT 2020"]
[Source "ChessBase"]
[SourceDate "2019.10.17"]
[SourceVersion "1"]
[SourceVersionDate "2019.10.17"]
[SourceQuality "1"]

1. e4 e5 2. Nf3 Nc6 3. Bc4 h6 4. 0-0 Nf6 5. d3 d6 6. h3 Na5 7. Bb5+ c6 8. Ba4 b5 9. Bb3 Nxb3 10. axb3 Be7 11. Be3 a5 12. c4 b4 13. Nh2 0-0 14. f4 exf4 15. Rxf4 Be6 16. Qf1 Nh5 17. Rf3 d5 18. exd5 cxd5 19. Qf2 Bh4 20. g3 Bg5 21. g4 Bh4 22. Qd2 Nf6 23. Bd4 Bg5 24. Qf2 Nh7 25. Nd2 dxc4 26. Bb6 Qb8 27. Ne4 cxd3 28. Nxg5 Nxg5 29. Rxd3 Qe8 30. Rad1 Qc6 31. h4 Ne4 32. Qe3 Bd5 33. Rc1 Qe6 34. g5 hxg5 35. hxg5 Nxg5 36. Qxe6 fxe6 37. Bd4 Rf4 38. Rc7 Rf7 39. Rc1 Raf8 40. Rg3 Ne4 41. Rg6 Kh7 42. Rg4 Rf4 43. Rxg7+ Kh6 44. Ng4+ Kh5 45. Ne3 Nf6 46. Bc5 Rg8 47. Rxg8 Nxg8 48. Nxd5 exd5 49. Rc2 Rf3 50. Rh2+ Kg6 51. Rg2+ Kf7 52. Rf2 Rf6 53. Bd4 Rxf2 54. Kxf2 Ne7 55. Bb6 Nc6 56. Ke3 Ke6 57. Kd3 Kd7 58. Bf2 Kc7 59. Bg3+ Kb7 60. Bf2 Ka6 61. Bg3 Kb5 62. Bf2 a4 63. bxa4+ Kxa4 64. Be3 Kb3 65. Bc1 d4 66. Bd2 Kxb2 67. Bxb4 Nxb4+ 68. Kxd4 1/2-1/2

[Event "SVK-chT4 A22 1617"]
[Site "Slovakia"]
[Date "2017.02.12"]
[Round "9.2"]
[White "Lelkes, Gejza"]
[Black "Uvacek, Radovan"]
[Result "0-1"]
[WhiteElo "1611"]
[BlackElo "1747"]
[PlyCount "84"]
[EventDate "2016.10.09"]
[EventType "team-tourn"]
[EventRounds "11"]
[EventCountry "SVK"]
[SourceTitle "EXT 2020"]
[Source "ChessBase"]
[SourceDate "2019.10.17"]
[SourceVersion "1"]
[SourceVersionDate "2019.10.17"]
[SourceQuality "1"]

1. e4 e5 2. Nf3 Nc6 3. Bc4 Bc5 4. h3 Nf6 5. d3 d6 6. 0-0 0-0 7. c3 Qe7 8. b4 Bb6 9. a4 a6 10. Qb3 h6 11. Bb2 Be6 12. Nbd2 Rfd8 13. Bxe6 Qxe6 14. Qxe6 fxe6 15. b5 Ne7 16. c4 Ng6 17. g3 Rf8 18. Kh2 Ba5 19. Nb3 Bb4 20. Rad1 Nxe4 21. Kg2 Nf6 22. d4 exd4 23. Nfxd4 Rfe8 24. Nc2 Bc5 25. Nxc5 dxc5 26. Bxf6 gxf6 27. Rd7 Re7 28. Rfd1 Kf7 29. Ne3 axb5 30. axb5 Ne5 31. Rd8 Ra4 32. Rc1 Rd7 33. Rxd7+ Nxd7 34. Ng4 h5 35. Ne3 Ne5 36. Rc2 f5 37. f4 Nd3 38. Re2 Ra3 39. h4 Rb3 40. Nf1 Rc3 41. Nd2 Kf6 42. Kh3 Nxf4+ 0-1

[Event "SVK-chT4 A22 1617"]
[Site "Slovakia"]
[Date "2016.12.18"]
[Round "6.4"]
[White "Rusnacik, Milan"]
[Black "Lelkes, Gejza"]
[Result "0-1"]
[WhiteElo "1326"]
[BlackElo "1611"]
[PlyCount "120"]
[EventDate "2016.10.09"]
[EventType "team-tourn"]
[EventRounds "11"]
[EventCountry "SVK"]
[SourceTitle "EXT 2020"]
[Source "ChessBase"]
[SourceDate "2019.10.17"]
[SourceVersion "1"]
[SourceVersionDate "2019.10.17"]
[SourceQuality "1"]

1. d4 d5 2. c4 c6 3. g3 e6 4. Bg2 Nf6 5. Nf3 Bb4+ 6. Nbd2 0-0 7. 0-0 Bxd2 8. Bxd2 dxc4 9. a4 a5 10. Qc2 b5 11. Ne5 Nd5 12. axb5 cxb5 13. Rfc1 f6 14. Nf3 a4 15. h4 Ra6 16. e4 Ne7 17. Bf1 Nbc6 18. Be3 Na5 19. Rd1 Nb3 20. Rab1 Qd6 21. e5 fxe5 22. dxe5 Qc6 23. Ng5 Nf5 24. g4 h6 25. Bg2 Qe8 26. gxf5 hxg5 27. Bxg5 exf5 28. Rd8 Qxe5 29. Bd5+ Be6 30. Bxe6+ Rxe6 31. Qd1 Rxd8 32. Qxd8+ Re8 33. Qd1 Nd4 34. Be3 Ne6 35. Qh5 Rf8 36. Qf3 f4 37. Bd2 Nd4 38. Qg4 Qf5 39. Qd1 f3 40. Kh2 Qe5+ 41. Kg1 Qe4 42. Be3 Qg4+ 43. Kf1 Nf5 44. Qd5+ Kh7 45. Bg5 Qg2+ 46. Ke1 Qg1+ 47. Kd2 Qxf2+ 48. Kc3 Qe2 49. Qd2 Qe4 50. Re1 Qd3+ 51. Kb4 Qxd2+ 52. Bxd2 Ng3 53. Rg1 f2 54. Rxg3 f1Q 55. Bc3 Rf7 56. Kxb5 a3 57. bxa3 Rb7+ 58. Ka6 Rf7 59. Rg5 Qf3 60. Bb4 Qc6+ 0-1

[Event "SVK-chT4 A22 1516"]
[Site "Slovakia"]
[Date "2015.12.13"]
[Round "5.3"]
[White "Lelkes, Gejza"]
[Black "Babirat, Michal"]
[Result "0-1"]
[WhiteElo "1623"]
[BlackElo "1791"]
[PlyCount "62"]
[EventDate "2015.10.04"]
[EventType "team-tourn"]
[EventRounds "11"]
[EventCountry "SVK"]
[SourceTitle "EXT 2020"]
[Source "ChessBase"]
[SourceDate "2019.10.17"]
[SourceVersion "1"]
[SourceVersionDate "2019.10.17"]
[SourceQuality "1"]

1. e4 c5 2. Nc3 Nc6 3. Bc4 Nf6 4. d3 g6 5. a3 Bg7 6. Bd2 0-0 7. h3 e6 8. Ba2 d5 9. exd5 exd5 10. Nge2 d4 11. Ne4 Nxe4 12. dxe4 Re8 13. f3 Qh4+ 14. g3 Qf6 15. 0-0 Bxh3 16. Rf2 Ne5 17. Nf4 Be6 18. Bxe6 fxe6 19. Qf1 Bf8 20. Rb1 a6 21. Qg2 Nc4 22. c3 Nxd2 23. Rxd2 Bh6 24. cxd4 cxd4 25. Rd3 Rad8 26. Rbd1 Rd7 27. Kf1 Bxf4 28. gxf4 Qxf4 29. Rxd4 Rxd4 30. Rxd4 Qc1+ 31. Kf2 Qxb2+ 0-1

[Event "SVK-chT4 A22 1314"]
[Site "Slovakia"]
[Date "2013.11.03"]
[Round "3.2"]
[White "Lelkes, Gejza"]
[Black "Bertalan, Balint"]
[Result "0-1"]
[WhiteElo "1641"]
[BlackElo "1821"]
[PlyCount "72"]
[EventDate "2013.10.06"]
[EventType "team-tourn"]
[EventRounds "11"]
[EventCountry "SVK"]
[SourceTitle "EXT 2015"]
[Source "ChessBase"]
[SourceDate "2014.11.20"]
[SourceVersion "1"]
[SourceVersionDate "2014.11.20"]
[SourceQuality "1"]
[WhiteTeam "Potonska Veza III"]
[BlackTeam "Gabcikovo Russel II"]
[WhiteTeamCountry "SVK"]
[BlackTeamCountry "SVK"]

1. e4 e5 2. a3 Nf6 3. Nc3 d5 4. exd5 Nxd5 5. Nxd5 Qxd5 6. d3 Bc5 7. h3 0-0 8. c4 Qd4 9. Qf3 Re8 10. Ne2 Qd6 11. Nc3 a6 12. Ne4 Qb6 13. Rb1 Bxa3 14. Be2 Bb4+ 15. Bd2 Bxd2+ 16. Nxd2 Nc6 17. 0-0 Nd4 18. Qe4 f5 19. Qe3 f4 20. Qe4 Bf5 21. Qd5+ Kh8 22. Bf3 Nxf3+ 23. Nxf3 Rad8 24. Qf7 Bg6 25. c5 Qc6 26. Qb3 Rxd3 27. Qc4 Rxf3 28. Rbd1 Rd3 29. Rde1 Bf5 30. f3 Qg6 31. g4 fxg3 32. Qh4 Rd4 33. f4 exf4 34. Rxe8+ Qxe8 35. Qg5 Qe3+ 36. Kh1 Be4+ 0-1